❤️Top 10 des pays qui font l'amour❤️ - Statistiques

Statistiques générales
  • Ce quiz a été pris 82 fois
  • Le résultat moyen est 6 sur 10
Statistiques - réponses
Hint Réponse % Correct
Europe Espagne
91%
Europe Italie
91%
Amérique du Sud Brésil
83%
Europe Allemagne
73%
Asie Chine
73%
Asie Russie
67%
Europe Suisse
58%
Europe Grèce
53%
Europe Pologne
42%
Asie Malaisie
13%
Aucun quiz correspondant
Distribution des résultats
% des personnes avec chaque résultat
Percentile par nombre de réponses
Votre historique - résultats
Vous n’avez pas pris ce quiz